Forensic Psychology / Crime, Justice, Law, Interventions (Record no. 8203)
[ view plain ]
| 000 -LEADER | |
|---|---|
| fixed length control field | 01803cam a22002414a 4500 |
| 005 - ΗΜΕΡΟΜΗΝΙΑ ΚΑΙ ΩΡΑ ΤΕΛΕΥΤΑΙΑΣ ΕΝΗΜΕΡΩΣΗΣ | |
| Πεδίο ελέγχου | 20250605164329.0 |
| 008 - FIXED-LENGTH DATA ELEMENTS--GENERAL INFORMATION | |
| Πεδίο ελέγχου σταθερού μήκους | 250528s ||||||||||||||||||||||||d |
| 035 ## - SYSTEM CONTROL NUMBER | |
| System control number | 23173 |
| 020 ## - ISBN | |
| ISBN | 9781119991953 |
| 040 ## - ΠΗΓΗ ΚΑΤΑΛΟΓΟΓΡΑΦΗΣΗΣ | |
| Φορέας πρωτότυπης καταλογογράφησης | MC Athens Campus Library |
| Γλώσσα καταλογογράφησης | Ελληνικά, Μοντέρνα (1453-) |
| Modifying agency | MC Athens Campus Library |
| Κανόνες περιγραφικής καταλογογράφησης | AACR2 |
| 245 1# - ΤΙΤΛΟΣ ΚΑΙ ΔΗΛΩΣΗ ΥΠΕΥΘΥΝΟΤΗΤΑΣ | |
| Τίτλος | Forensic Psychology / Crime, Justice, Law, Interventions |
| 250 ## - EDITION STATEMENT | |
| Edition statement | 2nd |
| 260 ## - PUBLICATION, DISTRIBUTION, ETC. | |
| Name of publisher, distributor, etc. | Bps Blackwell, |
| Date of publication, distribution, etc. | 2012 |
| 300 ## - PHYSICAL DESCRIPTION | |
| Extent | 450 |
| 520 ## - SUMMARY, ETC. | |
| Summary, etc. | This book provides an up-to-date and comprehensive coverage of the subject which is broad enough to provide an insight into the wide range of topic areas, but detailed enough for readers to be able to gain a good grasp of the subject and importantly know where to go for more specific reading material. Introduction, The Causes of Crime, Psychological Approaches to Understanding Crime, Developmental and Psychological Theories of Offending, Contributions of Forensic Neuroscience, Effects of Interpersonal Crime on Victims, Investigating Crime, Eyewitness Evidence, Interviewing Vulnerable Witnesses, Interviewing Suspects, Detecting Deception, Offender Profiling and Crime Linkage, Intimate Partner Violence and Stalking, Terrorism, The Trial Process, Judicial Processes, Safeguarding Witnesses, Identification Evidence, Role of the Expert Witness, Dealing with Offenders, Crime and Punishment: What Works?, Risk Assessment and Offender Programs, Interventions with Dangerous Offenders, Interventions for Offenders with Intellectual Disabilities, Interventions with Mentally Disordered Offenders, Offender Rehabilitation: Good Lives and and Desistance and Risk Reduction, Glossary, Index. |
| 700 1# - ΠΡΟΣΘΕΤΗ ΑΝΑΓΡΑΦΗ--ΦΥΣΙΚΟ ΠΡΟΣΩΠΟ | |
| Personal name | Beech Anthony |
| 9 (RLIN) | 8750 |
| 700 1# - ΠΡΟΣΘΕΤΗ ΑΝΑΓΡΑΦΗ--ΦΥΣΙΚΟ ΠΡΟΣΩΠΟ | |
| Personal name | Davies Graham |
| 9 (RLIN) | 8751 |
| 700 1# - ΠΡΟΣΘΕΤΗ ΑΝΑΓΡΑΦΗ--ΦΥΣΙΚΟ ΠΡΟΣΩΠΟ | |
| Personal name | Gudjionsson G.H |
| 9 (RLIN) | 8752 |
| 700 1# - ΠΡΟΣΘΕΤΗ ΑΝΑΓΡΑΦΗ--ΦΥΣΙΚΟ ΠΡΟΣΩΠΟ | |
| Personal name | Haward L.R.C |
| 9 (RLIN) | 8753 |
| 942 ## - ADDED ENTRY ELEMENTS (KOHA) | |
| Koha item type | Books |
| Τύπος τεκμηρίου | Βιβλιοθήκη | Τρέχουσα τοποθεσία | Barcode | Αριθμός εισαγωγής | Ημερομηνία απόκτησης | Ταξιθετικό σύμβολο | Αριθμός αντιτύπου | Κατάσταση απόσυρσης | Κατάσταση χαμένου | Κατάσταση κατεστραμμένου | Μη δανεισμός | Σύνολο δανεισμών | Σύνολο ανανεώσεων | Ημερομηνία τελευταίας εμφάνισης | Χρονολογία τελευταίου δανεισμού | Η τιμή ισχύει από |
|---|---|---|---|---|---|---|---|---|---|---|---|---|---|---|---|---|
| Books | MC Athens Campus Library | MC Athens Campus Library | 9780000082022 | 7539 | 05/06/2025 | 614.15 DAV | 1 | 1 | 2 | 01/12/2025 | 10/11/2025 | 05/06/2025 |